000 00767nam a2200229Ia 4500
003 IT-RoPau
005 20220918175935.0
008 120407s9999 xx 000 0 und d
040 _aIT-RoPAU
_cIT-RoPau
040 _cIT-RoPAU
041 _aita
100 _aAlberione, Giacomo
_qPrimo Maestro SSP
_931
245 _aBrevi meditazioni per ogni giorno dell’anno.
250 _a2° ed.
260 _aRoma
_bEdizioni Paoline
_c1952
300 _a486 p.
300 _c18 cm
500 _aSi trovano altre edizioni con datazione successiva di questo libro all'interno di altre collane. La seguente è la 2° edizione.
520 _aINDICE Prefazione; La meditazione; PARTE I Le grandi Verità; PARTE II Le grandi virtù.
942 _cBK
_2ddc
999 _c37515
_d37515